书目信息 |
| 题名: |
全彩图说美学
|
|
| 作者: | 常宏 , 朱珂苇 编著 | |
| 分册: | ||
| 出版信息: | 北京 中国华侨出版社 2015 |
|
| 页数: | 425页 | |
| 开本: | 25cm | |
| 丛书名: | ||
| 单 册: | ||
| 中图分类: | B83-49 | |
| 科图分类: | ||
| 主题词: | 美学--Mei Xue--通俗读物 | |
| 电子资源: | ||
| ISBN: | 978-7-5113-5517-1 | |
| 000 | 00932nam0 22002531 450 | |
| 001 | 0101082439 | |
| 005 | 20161201094853.01 | |
| 010 | @a978-7-5113-5517-1@b精装@dCNY68.00 | |
| 100 | @a20151111d2015 em y0chiy50 ea | |
| 101 | 0 | @achi |
| 102 | @aCN@b110000 | |
| 105 | @aa z 000yy | |
| 106 | @ar | |
| 200 | 1 | @a全彩图说美学@AQuan Cai Tu Shuo Mei Xue@f常宏,朱珂苇编著 |
| 210 | @a北京@c中国华侨出版社@d2015 | |
| 215 | @a425页@d25cm | |
| 300 | @a超值全彩白金版 | |
| 330 | @a本书选择了美学发展历程中最具代表性的人物和事件作为端口。近50个精彩故事独立成篇,用通俗易懂的叙述语言讲述美学的发展历史,记录美学大师的人生历程,阐释美学的重要理论,图文并茂,组成一幅精彩的美学画卷,清晰地呈现出美学发展的脉络。 | |
| 606 | 0 | @a美学@AMei Xue@j通俗读物 |
| 690 | @aB83-49@v5 | |
| 701 | 0 | @a常宏@AChang Hong@4编著 |
| 701 | 0 | @a朱珂苇@AZhu Ke Wei@f(1982~)@4编著 |
| 801 | 0 | @aCN@bTANGWEI@c20161128 |
| 905 | @b0951445-9@dB83-49@e302@f5 | |
| 全彩图说美学/常宏,朱珂苇编著 .-北京:中国华侨出版社,2015 |
| 425页;25cm |
| 超值全彩白金版 |
| ISBN 978-7-5113-5517-1(精装):CNY68.00 |
| 本书选择了美学发展历程中最具代表性的人物和事件作为端口。近50个精彩故事独立成篇,用通俗易懂的叙述语言讲述美学的发展历史,记录美学大师的人生历程,阐释美学的重要理论,图文并茂,组成一幅精彩的美学画卷,清晰地呈现出美学发展的脉络。 |
| ● |
| 相关链接 |
|
|
|
|
正题名:全彩图说美学
索取号:B83-49/302
 
预约/预借
| 序号 | 登录号 | 条形码 | 馆藏地/架位号 | 状态 | 备注 |
| 1 | 0951445 | 209514453 | 第一样本阅览室/ [索取号:B83-49/302] | 在馆 | |
| 2 | 0951446 | 209514462 | 第一借阅区/ [索取号:B83-49/302] | 在馆 | |
| 3 | 0951447 | 209514471 | 第一借阅区/ [索取号:B83-49/302] | 在馆 | |
| 4 | 0951448 | 209514480 | 第一借阅区/ [索取号:B83-49/302] | 在馆 | |
| 5 | 0951449 | 209514499 | 第一借阅区/ [索取号:B83-49/302] | 在馆 |